[Event "Wch FIDE Online U16 Girls Europe qual"]
[Site "Tornelo INT"]
[Date "2020.12.08"]
[Round "5"]
[White "Skigelstrand, Live Jorgensen"]
[Black "Ahmadova, Yegana"]
[Result "1/2-1/2"]
[WhiteElo "1622"]
[BlackElo "1464"]
[PlyCount "142"]
[EventDate "2020.12.07"]
[EventType "swiss (rapid)"]
[EventRounds "7"]
[EventCountry "ISS"]
[SourceTitle "EXT 2022"]
[Source "ChessBase"]
[SourceDate "2021.10.06"]
[SourceVersion "1"]
[SourceVersionDate "2021.10.06"]
[SourceQuality "1"]

1. e4 c5 2. Nf3 Nc6 3. Bb5 g6 4. 0-0 Bg7 5. Re1 d6 6. Bxc6+ bxc6 7. d3 Nf6 8. Be3 0-0 9. e5 Nd5 10. Nc3 Nxe3 11. Rxe3 d5 12. d4 cxd4 13. Nxd4 Bd7 14. Na4 Qa5 15. b3 c5 16. Nf3 e6 17. Nb2 Bc6 18. Qe2 Qc7 19. c3 a5 20. Nd3 Bh6 21. Nxc5 Bxe3 22. Qxe3 Rae8 23. Nd4 Qb6 24. b4 axb4 25. cxb4 Rc8 26. a3 Rfd8 27. Qg5 Bb5 28. Qf6 Be8 29. Ndxe6 fxe6 30. Nxe6 Qxe6 31. Qxe6+ Bf7 32. Qf6 Rf8 33. f3 Rcd8 34. e6 Be8 35. Qe5 Rf5 36. Qe2 d4 37. Rd1 Rfd5 38. e7 R8d6 39. Rc1 d3 40. Qd2 Re5 41. Re1 Red5 42. Kf2 Rc6 43. Qa2 Rc2+ 44. Qxc2 dxc2 45. Rc1 Rd2+ 46. Kg3 Rd1 47. Rxc2 Kf7 48. Re2 Ra1 49. Re3 Rb1 50. Kf4 Ra1 51. Kg5 Rb1 52. Kh6 Rh1 53. h3 Rh2 54. Re2 Rh1 55. Kxh7 Rd1 56. Kh6 Rd7 57. Kg5 Rd3 58. Re4 Rxa3 59. f4 Rg3+ 60. Kh4 Rxg2 61. Re5 Rd2 62. Kg5 Rd7 63. Kh6 Rb7 64. Re4 Rb5 65. Re5 Rxb4 66. Kg5 Rb5 67. Rxb5 Bxb5 68. f5 gxf5 69. Kxf5 Bd7+ 70. Kg5 Bxh3 71. Kh4 Kxe7 1/2-1/2

[Event "Fagernes op"]
[Site "Fagernes"]
[Date "2020.10.07"]
[Round "5"]
[White "Evenshaug, Amadeus Hestvik"]
[Black "Skigelstrand, Live Jorgensen"]
[Result "1-0"]
[WhiteElo "1520"]
[BlackElo "1735"]
[PlyCount "79"]
[EventDate "2020.10.04"]
[EventType "swiss"]
[EventRounds "9"]
[EventCountry "NOR"]
[SourceTitle "EXT 2024"]
[Source "ChessBase"]
[SourceDate "2023.10.10"]
[SourceVersion "1"]
[SourceVersionDate "2023.10.10"]
[SourceQuality "1"]

1. e4 c5 2. Nf3 Nc6 3. d4 cxd4 4. Nxd4 Nf6 5. Nc3 e5 6. Nb3 Bb4 7. Bg5 b6 8. Nd2 Bxc3 9. bxc3 d5 10. Bxf6 gxf6 11. exd5 Qxd5 12. Nc4 Qe4+ 13. Be2 0-0 14. 0-0 Qg6 15. Bh5 Qg5 16. Bf3 Bb7 17. Qd7 Rab8 18. Bxc6 Rfd8 19. Qxd8+ Rxd8 20. Bxb7 Qf4 21. Ne3 f5 22. Rad1 Rb8 23. Ba6 Qa4 24. Bc4 f4 25. Bb3 Qc6 26. Nf5 Kh8 27. Nd6 f6 28. Nf5 Qe4 29. Nh4 a5 30. Rd3 Qe2 31. Rfd1 Qh5 32. g3 fxg3 33. hxg3 b5 34. Rd8+ Rxd8 35. Rxd8+ Kg7 36. Rg8+ Kh6 37. Be6 Qd1+ 38. Kh2 Kh5 39. Bf7+ Kh6 40. Nf5# 1-0

[Event "EU-ch U16 Girls"]
[Site "Bratislava"]
[Date "2019.08.08"]
[Round "7"]
[White "Skigelstrand, Live Jorgensen"]
[Black "Eizaguerri Floris, Maria"]
[Result "0-1"]
[WhiteElo "1720"]
[BlackElo "2136"]
[PlyCount "100"]
[EventDate "2019.08.02"]
[EventType "swiss"]
[EventRounds "9"]
[EventCountry "SVK"]
[SourceTitle "CBM 191 Extra"]
[Source "ChessBase"]
[SourceDate "2019.09.30"]
[SourceVersion "1"]
[SourceVersionDate "2019.09.30"]
[SourceQuality "1"]

1. e4 c5 2. Nf3 e6 3. d4 cxd4 4. Nxd4 Nc6 5. Nc3 a6 6. Nxc6 bxc6 7. Bd3 d5 8. 0-0 Nf6 9. Qf3 Be7 10. Qg3 Kf8 11. Re1 a5 12. exd5 cxd5 13. Nb5 Ba6 14. a4 Bxb5 15. Bxb5 Ne4 16. Qd3 Bd6 17. c4 Nc5 18. Qf3 d4 19. Bg5 f6 20. Rad1 e5 21. Bh4 Rb8 22. Qf5 Qc8 23. Qh5 Ne6 24. Qf5 Nc5 25. Qh5 Ne6 26. Qf5 Nf4 27. Bd7 Qd8 28. Bg3 g6 29. Qe4 Bb4 30. Bxf4 exf4 31. Re2 Qxd7 32. Qxf4 Kg7 33. Rxd4 Qf7 34. Qg4 Rbd8 35. g3 Rxd4 36. Qxd4 Rc8 37. Re4 Rc7 38. Qd3 Rd7 39. Rd4 Rxd4 40. Qxd4 Qc7 41. b3 Bc5 42. Qd2 Qe5 43. Kg2 Qd4 44. Qe2 f5 45. Qf3 Qe4 46. Qxe4 fxe4 47. f4 Kf6 48. g4 Bd6 49. h3 Bxf4 50. c5 Ke6 0-1

[Event "Stavanger op"]
[Site "Stavanger"]
[Date "2018.10.12"]
[Round "5"]
[White "Skigelstrand, Live Jorgensen"]
[Black "Bo, Kolbjorn"]
[Result "0-1"]
[WhiteElo "1633"]
[BlackElo "1110"]
[PlyCount "82"]
[EventDate "2018.10.10"]
[EventType "swiss"]
[EventRounds "9"]
[EventCountry "NOR"]
[SourceTitle "CBM 186 Extra"]
[Source "ChessBase"]
[SourceDate "2018.08.24"]
[SourceVersion "1"]
[SourceVersionDate "2018.08.24"]
[SourceQuality "1"]

1. e4 e6 2. d4 d5 3. Nd2 Be7 4. Ngf3 dxe4 5. Nxe4 Nf6 6. Bd3 0-0 7. 0-0 b6 8. Nxf6+ Bxf6 9. Be4 c6 10. Qd3 g6 11. Bh6 Bg7 12. Bxg7 Kxg7 13. Ne5 Qd6 14. Rae1 f6 15. Nc4 Qd7 16. f4 Na6 17. c3 Nc7 18. Qf3 Nd5 19. Ne3 Ba6 20. Rf2 Rad8 21. g4 f5 22. Bc2 Qd6 23. gxf5 exf5 24. Qg3 Nxe3 25. Rxe3 Rde8 26. Re5 c5 27. Rd2 Rxe5 28. fxe5 Qd5 29. Qg5 Bb7 30. Qf4 cxd4 31. Bb3 Qh1+ 32. Kf2 Qg2+ 33. Ke1 Qh1+ 34. Qf1 Qe4+ 35. Qe2 Qh1+ 36. Qf1 Qe4+ 37. Qe2 dxc3 38. Qxe4 cxd2+ 39. Kxd2 Bxe4 40. Ke3 Rd8 41. Bc4 Bd5 0-1

[Event "EU-ch U12 Girls 26th"]
[Site "Prague"]
[Date "2016.08.27"]
[Round "9"]
[White "Skigelstrand, Live Jorgensen"]
[Black "Maziukaite, Kristina"]
[Result "1/2-1/2"]
[WhiteElo "1525"]
[BlackElo "1323"]
[PlyCount "69"]
[EventDate "2016.08.18"]
[EventType "swiss"]
[EventRounds "9"]
[EventCountry "CZE"]
[SourceTitle "CBM 174 Extra"]
[Source "ChessBase"]
[SourceDate "2016.10.10"]
[SourceVersion "1"]
[SourceVersionDate "2016.10.10"]
[SourceQuality "1"]

1. d4 Nf6 2. c4 g6 3. Nc3 Bg7 4. e4 d6 5. Bd3 0-0 6. Nge2 e5 7. d5 a5 8. 0-0 Na6 9. Ng3 Nc5 10. h3 Ne8 11. Rb1 f5 12. exf5 Nxd3 13. Qxd3 gxf5 14. f4 e4 15. Qe3 Rf6 16. Nh5 Rg6 17. Nxg7 Nxg7 18. Qf2 Qf8 19. Ne2 Ne8 20. Kh1 Qh6 21. Bd2 Nf6 22. Rbc1 Ng4 23. Qg1 b6 24. Rc3 Bd7 25. Rg3 Kf7 26. Rc1 Rag8 27. Rcc3 Qh5 28. Qe1 Nf6 29. Rxg6 Rxg6 30. Rg3 Rxg3 31. Nxg3 Qg6 32. Qf2 Nh5 33. Ne2 Qf6 34. Bc3 Qg6 35. Bd2 1/2-1/2

[Event "EU-ch U12 Girls 26th"]
[Site "Prague"]
[Date "2016.08.21"]
[Round "4"]
[White "Sawhney, Anisha"]
[Black "Skigelstrand, Live Jorgensen"]
[Result "1-0"]
[WhiteElo "1301"]
[BlackElo "1525"]
[PlyCount "69"]
[EventDate "2016.08.18"]
[EventType "swiss"]
[EventRounds "9"]
[EventCountry "CZE"]
[SourceTitle "CBM 174 Extra"]
[Source "ChessBase"]
[SourceDate "2016.10.10"]
[SourceVersion "1"]
[SourceVersionDate "2016.10.10"]
[SourceQuality "1"]

1. e4 c6 2. d4 d5 3. exd5 cxd5 4. Bd3 Nc6 5. c3 Nf6 6. Bf4 Bg4 7. Qb3 Qd7 8. Nd2 e6 9. Ngf3 a6 10. 0-0 Be7 11. Rae1 0-0 12. Qc2 h6 13. h3 Bxf3 14. Nxf3 Bd6 15. Bxd6 Qxd6 16. Ne5 Rac8 17. Qb1 Nd7 18. f4 Ndxe5 19. fxe5 Qd7 20. Re3 Qe7 21. Ref3 Na5 22. Rg3 f5 23. exf6 Rxf6 24. Rxf6 Qxf6 25. Rg6 Qf7 26. Qd1 Nc4 27. Qe2 Rc6 28. b4 Na3 29. Rg3 Nc4 30. Bg6 Qf4 31. Rf3 Qd2 32. Qf1 Rc8 33. Bf7+ Kh7 34. Bxe6 Ne3 35. Qb1+ 1-0

[Event "EU-ch U12 Girls 26th"]
[Site "Prague"]
[Date "2016.08.19"]
[Round "2"]
[White "Ruzic, Pia Marie"]
[Black "Skigelstrand, Live Jorgensen"]
[Result "1-0"]
[WhiteElo "1353"]
[BlackElo "1525"]
[PlyCount "135"]
[EventDate "2016.08.18"]
[EventType "swiss"]
[EventRounds "9"]
[EventCountry "CZE"]
[SourceTitle "CBM 174 Extra"]
[Source "ChessBase"]
[SourceDate "2016.10.10"]
[SourceVersion "1"]
[SourceVersionDate "2016.10.10"]
[SourceQuality "1"]

1. c4 c6 2. Nc3 d5 3. cxd5 cxd5 4. Nf3 Nf6 5. g3 Nc6 6. Bg2 e5 7. d3 Be6 8. Qa4 Qd7 9. Ng5 Rd8 10. Nxe6 Qxe6 11. 0-0 a6 12. e3 Be7 13. Bd2 0-0 14. a3 d4 15. exd4 Rxd4 16. Qc2 Rfd8 17. Rfe1 Rxd3 18. Be3 Ng4 19. Bb6 Nb4 20. axb4 Qxb6 21. Nd5 R3xd5 22. Bxd5 Rxd5 23. Qc8+ Rd8 24. Qxg4 f6 25. Qc4+ Kf8 26. Rec1 Bxb4 27. Qc7 Qxc7 28. Rxc7 Rb8 29. Rd1 Ba5 30. Rc4 Bb6 31. Rdc1 Bd8 32. Rc8 Rxc8 33. Rxc8 Ke7 34. Rb8 b6 35. Rb7+ Kf8 36. Kg2 h6 37. Kf3 f5 38. g4 g6 39. Rh7 Bg5 40. Rh8+ Kf7 41. gxf5 gxf5 42. Rb8 e4+ 43. Kg3 b5 44. Ra8 Bc1 45. b3 f4+ 46. Kg2 b4 47. Rxa6 Bd2 48. Kf1 f3 49. h3 Ke7 50. Rc6 e3 51. fxe3 Bxe3 52. Rc4 Kd6 53. Rxb4 Kc5 54. Rb8 Kc6 55. Rf8 f2 56. Ke2 Bd4 57. Rf4 Kd5 58. b4 Ke5 59. Rh4 Be3 60. Rh5+ Kf6 61. b5 Ke6 62. Rh4 Ke5 63. Rb4 Bc5 64. Rb3 Bb6 65. Rc3 Kd5 66. Rc6 Be3 67. Rf6 Ke5 68. Rg6 1-0

[Event "NOR-ch U14 Girls"]
[Site "Oslo"]
[Date "2016.02.12"]
[Round "2"]
[White "Langvik, Ulrikke"]
[Black "Skigelstrand, Live Jorgensen"]
[Result "1-0"]
[WhiteElo "1361"]
[BlackElo "1130"]
[PlyCount "79"]
[EventDate "2016.02.12"]
[EventType "swiss"]
[EventRounds "6"]
[EventCountry "NOR"]
[SourceTitle "EXT 2024"]
[Source "ChessBase"]
[SourceDate "2023.10.10"]
[SourceVersion "1"]
[SourceVersionDate "2023.10.10"]
[SourceQuality "1"]

1. d4 d5 2. c4 c6 3. e3 Nf6 4. Nc3 e6 5. Nf3 Nbd7 6. Bd2 dxc4 7. Bxc4 b5 8. Bd3 a6 9. 0-0 c5 10. Ne4 c4 11. Bc2 Bb7 12. Nxf6+ Nxf6 13. Re1 Ne4 14. Bc3 Nxc3 15. bxc3 Qa5 16. Qd2 b4 17. Ne5 bxc3 18. Qe2 Qd5 19. Ba4+ Ke7 20. f3 Rc8 21. Rec1 Qa5 22. Bd7 Rc7 23. Nxc4 Qd5 24. Nb6 Qd6 25. Rab1 Rxd7 26. Nxd7 Qxd7 27. Rxc3 Kf6 28. Qf2 Bd6 29. Qh4+ Kg6 30. e4 Bxh2+ 31. Kxh2 Qxd4 32. Qg4+ Kf6 33. e5+ Qxe5+ 34. f4 Qd5 35. Rxb7 h6 36. Qh4+ Kg6 37. Rg3+ Kh7 38. Rxf7 Rg8 39. Qf6 Qh5+ 40. Rh3 1-0